ARRUPE JESUIT UNIVERSITY

CORONAVIRUS -STOP THE SPREAD - CLEAN,DISINFECT,COVER

The history of human rights : (Record no. 129618)

MARC details
000 -LEADER
fixed length control field 01538cam a2200313 a 4500
001 - CONTROL NUMBER
control field 13225792
003 - CONTROL NUMBER IDENTIFIER
control field ARRUPE
005 - DATE AND TIME OF LATEST TRANSACTION
control field 20190521120323.0
008 - FIXED-LENGTH DATA ELEMENTS--GENERAL INFORMATION
fixed length control field 030605s2004 caua b s001 0 eng
010 ## - LIBRARY OF CONGRESS CONTROL NUMBER
LC control number 2003012769
020 ## - INTERNATIONAL STANDARD BOOK NUMBER
International Standard Book Number 0520234960 (cloth : alk. paper)
020 ## - INTERNATIONAL STANDARD BOOK NUMBER
International Standard Book Number 0520234979 (pbk. : alk. paper)
040 ## - CATALOGING SOURCE
Original cataloging agency DLC
Transcribing agency DLC
Modifying agency DLC
042 ## - AUTHENTICATION CODE
Authentication code pcc
050 00 - LIBRARY OF CONGRESS CALL NUMBER
Classification number JC571
Item number .I73 2003
082 00 - DEWEY DECIMAL CLASSIFICATION NUMBER
Classification number 323/.09
Edition number 21
300 ## - PHYSICAL DESCRIPTION
Other physical details ill. ;
Dimensions 24 cm.
100 1# - MAIN ENTRY--PERSONAL NAME
Personal name Ishay, Micheline.
9 (RLIN) 46446
245 14 - TITLE STATEMENT
Title The history of human rights :
Remainder of title from ancient times to the globalization era /
Statement of responsibility, etc Micheline R. Ishay.
260 ## - PUBLICATION, DISTRIBUTION, ETC. (IMPRINT)
Place of publication, distribution, etc Berkeley :
Name of publisher, distributor, etc University of California Press,
Date of publication, distribution, etc c2003
300 ## - PHYSICAL DESCRIPTION
Extent ix, 450 p. :
504 ## - BIBLIOGRAPHY, ETC. NOTE
Bibliography, etc Includes bibliographical references (p. 405-430) and index.
650 #0 - SUBJECT ADDED ENTRY--TOPICAL TERM
Topical term or geographic name as entry element Human rights
General subdivision History.
9 (RLIN) 46435
856 42 - ELECTRONIC LOCATION AND ACCESS
Materials specified Contributor biographical information
Uniform Resource Identifier <a href="http://www.loc.gov/catdir/bios/ucal052/2003012769.html">http://www.loc.gov/catdir/bios/ucal052/2003012769.html</a>
856 42 - ELECTRONIC LOCATION AND ACCESS
Materials specified Publisher description
Uniform Resource Identifier <a href="http://www.loc.gov/catdir/description/ucal051/2003012769.html">http://www.loc.gov/catdir/description/ucal051/2003012769.html</a>
856 41 - ELECTRONIC LOCATION AND ACCESS
Materials specified Table of contents
Uniform Resource Identifier <a href="http://www.loc.gov/catdir/toc/ecip045/2003012769.html">http://www.loc.gov/catdir/toc/ecip045/2003012769.html</a>
856 42 - ELECTRONIC LOCATION AND ACCESS
Materials specified Book review (H-Net)
Uniform Resource Identifier <a href="http://www.h-net.org/reviews/showrev.php?id=10029">http://www.h-net.org/reviews/showrev.php?id=10029</a>
906 ## - LOCAL DATA ELEMENT F, LDF (RLIN)
a 7
b cbc
c orignew
d 1
e ecip
f 20
g y-gencatlg
942 ## - ADDED ENTRY ELEMENTS (KOHA)
Source of classification or shelving scheme Library of Congress Classification
Koha item type Monograph ( Printed materials)
Holdings
Withdrawn status Lost status Source of classification or shelving scheme Damaged status Not for loan Collection code Home library Current library Shelving location Date acquired Total Checkouts Full call number Barcode Date last seen Date checked out Price effective from Koha item type
    Library of Congress Classification     Main Collection ARRUPE LIBRARY ARRUPE LIBRARY Main Collection 21/05/2019 2 JC571 .I73 2003 46600004818 03/05/2021 09/10/2020 21/05/2019 Monograph ( Printed materials)

 

Arrupe Library. PO Box MP320 Mt Pleasant, Harare, Zimbabwe
263 242 745411|librarian@aju.ac.zw